Statystyki dla Państwa bez węży

Kliknij tutaj aby rozwiązać quiz!

Ogólne statystyki

  • Ten quiz został rozwiązany 734 razy
  • Średni wynik to 3 z 9

Statystyki odpowiedzi

Kraj% Poprawnych
Islandia
79%
Watykan
49%
Irlandia
43%
Nowa Zelandia
22%
Nauru
18%
Tuvalu
16%
Kiribati
13%
Wyspy Marshalla
12%
Republika Zielonego
Przylądka
4%

Rozkład punktacji

Percentyl według liczby udzielonych odpowiedzi

Procent ludzi z każdym wynikiem

Twoja historia wyników

Nie rozwiązałeś tego quizu